000
00302nam a22001337a 4500
003
CEME
005
20210628202252.0
008
210301b xxu||||| |||| 00| 0 eng d
040
_c
.
082
_a
891.4393 QAS
100
_a
Qasmi, Ahmed Nadeem
_9
25476
245
_a
Kapas kaw phool
942
_c
BK
_2
ddc
999
_c
569139
_d
569139